Leçons poétiques / (Registro nro. 4327)

Detalles MARC
000 -LEADER
fixed length control field 00880nam a2200217Ia 4500
003 - CONTROL NUMBER IDENTIFIER
control field OSt
005 - DATE AND TIME OF LATEST TRANSACTION
control field 20250702104604.0
008 - FIXED-LENGTH DATA ELEMENTS--GENERAL INFORMATION
fixed length control field 191128s1930 fr er 000 p fre d
040 ## - CATALOGING SOURCE
Original cataloging agency CO-JMCR
Transcribing agency CO-JMCR
041 0# - LANGUAGE CODE
Language code of text/sound track or separate title fre
082 04 - DEWEY DECIMAL CLASSIFICATION NUMBER
Classification number A-P
Item number JAMl
100 1# - MAIN ENTRY--PERSONAL NAME
Personal name Jammes, Francis,
Relator term autor
9 (RLIN) 9258
245 10 - TITLE STATEMENT
Title Leçons poétiques /
Statement of responsibility, etc. Francis Jammes
250 ## - EDITION STATEMENT
Edition statement Quatriéme Édition
260 ## - PUBLICATION, DISTRIBUTION, ETC.
Place of publication, distribution, etc. Paris :
Name of publisher, distributor, etc. Mercvre de France,
Date of publication, distribution, etc. 1930.
300 ## - PHYSICAL DESCRIPTION
Extent 286 páginas :
Dimensions 19 cm.
505 0# - FORMATTED CONTENTS NOTE
Formatted contents note La rencontre a l´auberge -- Charles Baudelaire -- Pierre de Ronsard -- Jean Moréas -- Emmanuel Signoret -- Alfred de Musset -- Victor Hugo -- Francois Coppée -- Stéphane Mallarmé -- Paul Verlaine
520 3# - SUMMARY, ETC.
Summary, etc. Le Mercure de France fondé en 1890, está la fois une revue de lecture comme toutes les revues documentaire d´actualité.
650 14 - SUBJECT ADDED ENTRY--TOPICAL TERM
Topical term or geographic name entry element Poesía francesa.
9 (RLIN) 7738
942 ## - ADDED ENTRY ELEMENTS (KOHA)
Source of classification or shelving scheme Dewey Decimal Classification
Koha item type Books
Existencias
Withdrawn status Lost status Source of classification or shelving scheme Damaged status Not for loan Collection code Home library Current library Date acquired Source of acquisition Total Checkouts Full call number Barcode Date last seen Date last checked out Copy number Koha item type
    Dewey Decimal Classification     Fiction Biblioteca Pública José María del Castillo y Rada Biblioteca Pública José María del Castillo y Rada 11/28/2019 Donación 2 A-P JAMl 201811190 05/14/2025 05/13/2025 Ej.1 Books